Διονύσιος Σολωμός : ανθολόγιο θεμάτων της σολωμικής ποίησης
Αποθηκεύτηκε σε:
| Κύριος συγγραφέας: | |
|---|---|
| Άλλοι συγγραφείς: | , , |
| Μορφή: | Βιβλίο |
| Γλώσσα: | Greek |
| Δημοσίευση: |
Αθήνα :
Βουλή των Ελλήνων,
1998
|
| Θέματα: | |
| Ετικέτες: |
Προσθήκη ετικέτας
Δεν υπάρχουν, Καταχωρήστε ετικέτα πρώτοι!
|
MARC
| LEADER | 00000cam a2200000 i 4500 | ||
|---|---|---|---|
| 001 | 1/99276 | ||
| 008 | 081212s1998 gr | ||| |||| ||gre|| | ||
| 020 | |a 9605600153 | ||
| 035 | |l 10102401 | ||
| 040 | |a GR-MyUa |b gre |e AACR2 | ||
| 041 | 0 | |a gre | |
| 082 | 7 | |a 888.1 |2 (22) | |
| 100 | 1 | |a Σολωμός, Διονύσιος, |d 1798-1857. | |
| 245 | 1 | 0 | |a Διονύσιος Σολωμός : |b ανθολόγιο θεμάτων της σολωμικής ποίησης / |c εισαγωγή-σχόλια Ερατοσθένης Γ. Καψωμένος ; ανθολόγηση Ε.Γ. Καψωμένος, Κωνσταντίνα Χαλιάσου, Αθανάσιος Ζήσης. |
| 260 | |a Αθήνα : |b Βουλή των Ελλήνων, |c 1998 | ||
| 300 | |a 205 σ.; |c 21 εκ. | ||
| 504 | |a Βιβλιογραφία: σ. 199-205. | ||
| 600 | 1 | 0 | |a Σολωμός, Διονύσιος, |d 1798-1857 |x Criticism and interpretation. |
| 650 | 0 | |a Greek poetry, Modern |y 19th century. | |
| 700 | 1 | |a Καψωμένος, Ερατοσθένης Γ. | |
| 700 | 1 | |a Χαλιάσου, Κωνσταντίνα. | |
| 700 | 1 | |a Ζήσης, Αθανάσιος Δ. | |
| 852 | |a INST |b SYROS |e 20081212 |h 888.1 ΣΟΛ |p 005500008844 |q 005500008844 |t BK |y 0 | ||
| 901 | |a BIBL5-2008-3 | ||
| 970 | |a Κοντού |b Παρασκευή |z 12/12/2008 | ||